| 000 | 01170nam a2200277Ia 4500 | ||
|---|---|---|---|
| 999 |
_c40478 _d40478 |
||
| 001 | 7089 | ||
| 003 | GE_BSU | ||
| 005 | 20231106120151.0 | ||
| 008 | 181216s2008||||ge |||||||||||||| ||geo|| | ||
| 020 | _a9789994054008 | ||
| 040 | _cGE_BSU | ||
| 041 | _ageo | ||
| 080 | _a821.111-31 | ||
| 100 |
_aბრონტე, ემილი _920285 |
||
| 245 |
_aქარიშხლიანი უღელტეხილი : _bრომანი / _cემილი ბრონტე ; ინგლ. თარგმნა ასმათ ლეკიაშვილმა ; რედ. გიორგი დარასელია ; მხატვ. ნანა ჭილაძე. |
||
| 260 | _aთბილისი. | ||
| 260 | _bარტე. | ||
| 260 | _c2008. | ||
| 300 |
_a498 გვ. ; _c17 სმ. |
||
| 541 | _h15ლ. | ||
| 653 | _aრომანი | ||
| 653 | _aქარიშხლიანი უღელტეხილი | ||
| 700 |
_aლეკიაშვილი, ასმათ _eმთარგმნელი _919401 |
||
| 700 |
_aდარასელია, გიორგი _eრედატორი _920286 |
||
| 942 |
_cBK _2udc |
||